ebf5 quiz - Statistics

General Stats
  • This quiz has been taken 13 times
  • The average score is 6 of 15
Answer Stats
Hint Answer % Correct
main character matt
100%
a cat with no legs no legs
100%
forest girl anna
83%
main characters crush natalie
83%
a fascist lance
67%
forest girls home greenwood
50%
fascists home iron fortress
50%
water boss poseidon
33%
where the arcade enemy's are arcade
17%
main charterers home hope harbor
17%
what you get for beating scaled enemys nothing
17%
achievement for capturing an enemy slave trader
17%
the big bad monolith
0%
a tree full of cats the cat king
0%
achievement for using an enemy to make a weapon unusually torture
0%
No matching quizzes found
Score Distribution
Percent of People with Each Score
Percentile by Number Answered
Your Score History
You have not taken this quiz